| 000 | 00713nam a2200253 a 4500 | ||
|---|---|---|---|
| 001 | 0001-1001 | ||
| 003 | ELIB.Books | ||
| 008 | 141016 2010 eng | ||
| 020 | _a282540733X | ||
| 035 | _a(ELIB.Books)0001-1155 | ||
| 092 |
_a262.5 _bHoo |
||
| 100 | _aHooft, W. A. Visser 't. | ||
| 245 | _aThe Genesis and Formation of the World Council of Churches | ||
| 260 |
_aGeneva _bWorld Council of Churches _c1987 |
||
| 300 |
_a130 _c20.5 Cm |
||
| 500 | _aDr. Yahalaylayla | ||
| 650 | _aGeneral Council | ||
| 700 | _aHooft, W. A. Visser 't. | ||
| 856 |
_nKBTS; Library _uKBTS; Elib. |
||
| 942 |
_2ddc _cBK |
||
| 990 | _a2 | ||
| 998 |
_cbat _e2014-10-16 _mcat _u2019-06-30 |
||
| 999 |
_c11001 _d11001 |
||